| 000 | 00792nam a2200229Ii 4500 | ||
|---|---|---|---|
| 003 | JO-AjNU | ||
| 008 | 230605s9999||||xx |||||||||||||| ||und|| | ||
| 017 | _a2021/10/6045 | ||
| 020 | _a978-9957-91-908-5 | ||
| 040 |
_aJO-AjNU _bara _erda _cJO-AjNU |
||
| 041 | _aara | ||
| 050 | 1 | 4 | _aHB180.2022 |
| 100 | 3 |
_aخضير، منعم احمد, _eauthor _963037 |
|
| 245 | 0 | 0 | _aالاقتصاد الكلي: مبادئ وتطبيقات = MACROECONOMICS: PRINCIPLES AND APPLICATIONS |
| 250 | _aط1 | ||
| 264 | 3 | 1 | _aعمان: دار وائل للنشر والتوزيع، 2022 |
| 300 | _a335ص | ||
| 336 |
_atext _btxt _2rdacontent |
||
| 337 |
_aunmediated _bn _2rdamedia |
||
| 338 |
_avolume _bnc _2rdacarrier |
||
| 650 | 4 |
_aالتنمية الاقتصادية-الاقتصاد الكلي _963038 |
|
| 999 |
_aA28573 _c32141 _d32141 |
||